Desarrollo integral en la infancia: una prioridad para la salud. Manual de desarrollo temprano para profesionales de la salud /
Guardat en:
| Autor principal: | |
|---|---|
| Altres autors: | , , |
| Format: | Llibre |
| Idioma: | Spanish |
| Publicat: |
s.n. :
Johnson & Johnson Pediatric Institute, OMS, OPS, Banco Mundial,
2006?
|
| Matèries: | |
| Etiquetes: |
Afegir etiqueta
Sense etiquetes, Sigues el primer a etiquetar aquest registre!
|
MARC
| LEADER | 00000nam a22000007a 4500 | ||
|---|---|---|---|
| 008 | 160316b2006 xxu||||| |||| 00| | spa d | ||
| 090 | |a 06.05.04 |b 2305 | ||
| 100 | 1 | |9 1508 |a Landers, Cassie | |
| 245 | 1 | 0 | |a Desarrollo integral en la infancia: una prioridad para la salud. Manual de desarrollo temprano para profesionales de la salud / |c Cassie Landers, Raúl Mercer, Helia Molina, Mary Eming Young |
| 260 | |a s.n. : |b Johnson & Johnson Pediatric Institute, OMS, OPS, Banco Mundial, |c 2006? | ||
| 300 | |a 271 páginas | ||
| 500 | |a La edición e impresión ha sido financiada por el Johnson and Johnson Pediatric Institute | ||
| 650 | 1 | 4 | |9 723 |a DESARROLLO DEL NIÑO |
| 650 | 1 | 4 | |9 757 |a PRIMERA INFANCIA |
| 650 | 1 | 4 | |9 268 |a SALUD |
| 650 | 1 | 4 | |9 426 |a MANUALES |
| 700 | 1 | |9 1509 |a Mercer, Raúl | |
| 700 | 1 | |9 1510 |a Molina, Helia | |
| 700 | 1 | |9 1511 |a Young, Mary Eming | |
| 942 | |i 004116 |h 06.05.04 2305 |2 z |c 01 | ||
| 999 | |c 3100 |d 3100 | ||
